| 000 | 00406nam a2200181Ia 4500 | ||
|---|---|---|---|
| 001 | 1282 | ||
| 005 | 20260306140620.0 | ||
| 008 | 260306t1936||||xx |||||||||||||| ||spa|| | ||
| 041 | _aESP | ||
| 082 |
_a126 _bJ89 |
||
| 100 |
_aJung, C.G. _eAUT |
||
| 245 | 0 | _aEl yo y lo inconsciente | |
| 260 | _c1936 | ||
| 300 |
_a253 páginas : _c22 cm. |
||
| 650 | _aGEN | ||
| 654 | _aCHU | ||
| 942 |
_cLIB _dJUS _fJUS _2ddc _n |
||
| 999 |
_c1282 _d1282 |
||